| 000 | 00464nam a2200157Ia 4500 | ||
|---|---|---|---|
| 008 | 210716s2012 xx 000 0 und d | ||
| 020 | _a9780198063025 | ||
| 041 | _aeng | ||
| 082 | _a658.7 CHAN | ||
| 100 | _aChandrasekaran, N. | ||
| 245 |
_aSupply chain management: process system and practice. _bProcess system and practice. |
||
| 250 | _a1 | ||
| 260 |
_aNew Delhi _bOxford University Press _c2012 |
||
| 300 | _axv,664 | ||
| 650 | _aMaterials Management(658.7) | ||
| 999 |
_c195596 _d195596 |
||